Dieux et Titans de la mythologie grecque - Statistiques

Statistiques générales
  • Ce quiz a été pris 87 fois
  • Le résultat moyen est 18 sur 35
Statistiques - réponses
Description Dieu / Titan % Correct
Dieu du Ciel, de la Foudre et Roi des Dieux Zeus
100%
Dieu de la Mer, des Séismes et des Chevaux Poséidon
97%
Dieu des Enfers et Maitre de ces lieux Hadés
93%
Déesse du Mariage et Reine des Dieux Héra
92%
Déesse de la Sagesse, de la Stratégie et de l'Artisanat Athéna
91%
Dieu des Arts, de la Lumière et Conducteur des 9 Muses Apollon
87%
Dieu de la Guerre et de la Violence Arés
87%
Messager des Dieux et Dieu des Voyageurs et des Voleurs Hermès
87%
Dieu du Vin, de la Fête et des Excès Dionysos
85%
Déesse de l'Amour parfois considéré comme une Titanide Aphrodite
84%
Roi des Titans, Père des dieux primordiaux de l'Olympe Cronos
83%
Dieu du Feu et de la Forge présenté comme boiteux Héphaistos
83%
Déesse de la Nature et de la Chasse Artémis
80%
Déesse du Foyer domestique et Gardienne du foyer de l'Olympe Hestia
69%
Déesse de l'Agriculture et des Moissons Déméter
68%
Déesse et Maitresse du Monde souterrain aussi affiliée aux Saisons Perséphone
68%
Dieu de la Faune et Protecteur des Pâturages Pan
57%
Général des Titans lors de la Titanomachie et Porteur de la Voute Céleste Atlas
43%
Titan du Soleil Hélios
40%
Reine des Titans et Titanide de la Maternité Rhéa
39%
Titanide de la Lune Séléné
37%
Déesse de la Magie, de la Lune et des Carrefours Hécate
32%
Titan de la Prévoyance et Protecteur des hommes Prométhée
32%
Titan de la Mer, de l'Océan Océanos
25%
Titan de l'Est et de la Lumière Hypérion
20%
Titanide de la Mémoire Mnémosyne
20%
Titanide de la Justice Thémis
19%
Titan de l'Ouest Japet
17%
Titan du Sud et des Constellations Crios
15%
Titanide de l'Aurore Eos
15%
Titan du Nord et de la Prophétie Coéos
13%
Titan créateur de la Faune Epiméthée
13%
Titanide de la Lumière Théia
13%
Titanide de la Mer Thétys
12%
Titanide de la Prophétie Phébé
9%
Aucun quiz correspondant
Distribution des résultats
% des personnes avec chaque résultat
Percentile par nombre de réponses
Votre historique - résultats
Vous n’avez pas pris ce quiz